Historia y geografía. Tomo II.
Gespeichert in:
| 1. Verfasser: | |
|---|---|
| Format: | Buch |
| Sprache: | Spanisch |
| Erschienen: |
Santiago.
Editorial Nascimento.
1935.
|
| Katalog: | MANES: Suchergebnis im Bibliothekskatalog |
| Schulbuchspezifische Eigenschaften: |
|
| Tags: |
Tag hinzufügen
Keine Tags, Fügen Sie den ersten Tag hinzu!
|
| Hinzugefügt zu: | 21.02.2023 |
| Geändert in: | 25.04.2025 |
MARC
| LEADER | 00000nam a22000007a 4500 | ||
|---|---|---|---|
| 005 | 20250425101547.0 | ||
| 008 | 230222b |||||||| |||| 00| 0 spa d | ||
| 040 | |a MGM | ||
| 100 | |9 42958 |a Frías Valenzuela, Francisco | ||
| 245 | |a Historia y geografía. Tomo II. | ||
| 260 | |a Santiago. |b Editorial Nascimento. |c 1935. | ||
| 300 | |a 235 p. |c 19 x 13,5 cm. | ||
| 500 | |a Según el nuevo programa de II año de humanidades y acompañada de cuadros-resúmenes. | ||
| 546 | |a Chile. | ||
| 561 | |5 cl-MGM |3 T900 F897h 1935 2°H.c.2 |a Chile. Museo Gabriela Mistral |k MANES | ||
| 690 | |a HI | ||
| 691 | |a SE | ||
| 942 | |2 ddc |c BK | ||
| 999 | |c 100367 |d 100367 | ||
| 999 | |c manes:100367 |d 100367 | ||